Fundamentals of quantum chemistry (Record no. 66200)
[ view plain ]
| 000 -LEADER | |
|---|---|
| fixed length control field | 01097nam a2200277Ia 4500 |
| 100 1# - MAIN ENTRY--AUTHOR NAME | |
| Personal name | Mueller, Michael R. |
| 245 10 - TITLE STATEMENT | |
| Title | Fundamentals of quantum chemistry |
| 260 ## - PUBLICATION, DISTRIBUTION, ETC. (IMPRINT) | |
| Place of publication | New York : |
| Name of publisher | Kluwer Academic, |
| Year of publication | c2002. |
| 300 ## - PHYSICAL DESCRIPTION | |
| Number of Pages | xiv, 265 p. : |
| Other physical details | ill. |
| 500 ## - GENERAL NOTE | |
| General note | Includes index. |
| 650 #0 - SUBJECT ADDED ENTRY--TOPICAL TERM | |
| Topical Term | Quantum chemistry. |
| Topical Term | Quantum theory. |
| 856 40 - ELECTRONIC LOCATION AND ACCESS | |
| Uniform Resource Identifier | http://site.ebrary.com/lib/rucke/Doc?id=10053315 |
No items available.
